000 00307nam a22001217a 4500
999 _c6041
_d6041
245 _aIncome tax act, 2015 (ACT 896)
_cby Republic of Ghana
246 _aACT 896
260 _aAccra
_bAssembly Press
_c2015
300 _avarious paging
440 _aActs of Parliament
650 _aIncome Tax Act
942 _cREF